000 00481nam a22002177a 4500
003 UA-OsUOA
001 7087
007 ta
008 20040317b un ||||| |||| 00| 0 ukr d
090 _a82
942 _cBK
040 _aUA-OsUOA
_bukr
_cUA-OsUOA
_dUA-OsUOA
245 _aВсесвіт
_bЖурнал іноземної літератури
955 _a0
041 _aukr
080 _a82
260 _aК.
_c1925
044 _aUA
650 7 _2UDC
999 _c293248
_d293248